=LDR 00000nam 2200000 4500 =001 INLIS000000000040060 =005 20130612145640 =008 ***********************************Ind** =035 ##$$0010-061300000040060 =041 ##$$a Ind =082 ##$$a 615.14 =090 ##$$a 615.14, Rag o.7 =100 ##$$a Ragg,Dr Mark =245 ##$$a Obat-oBat Yang Paling Sering Diresepkan =260 ##$$a 2001 $b Jakarta =300 ##$$a 50 hlm, ilus, 20 cm =850 ##$$a NBPNMAT